000 00382nam a2200145Ia 4500
008 210210b1990 xxu||||| |||| 00| 0 eng d
082 _a923.2 CHAB
100 _aCHANDRA MOWLI (V).
245 _aB.R. Ambedkar man and his vision.
260 _aNew Delhi.
_bSterling Publishers Pvt Ltd.,
_c1990
300 _aix,104
650 _aAmbedkar
690 _aBiography
906 _a046798
999 _c95868
_d95868